Sborník příspěvků z pracovního semináře k úkolům TOV a PVS

Salvato in:
Dettagli Bibliografici
Natura: Libro
Lingua:ceco
Pubblicazione: Žilina Dom techniky ČSVTS 1979
Tags: Aggiungi Tag
Nessun Tag, puoi essere il primo ad aggiungerne!!

MARC

LEADER 00000nam a2200000 4500
001 0222950
005 20240822101702.6
041 0 |a cze 
044 |a SK 
245 1 0 |a Sborník příspěvků z pracovního semináře k úkolům TOV a PVS 
264 1 |a Žilina  |b Dom techniky ČSVTS  |c 1979 
300 |a 95 s.